Culture Générale - Série 866 - Statistiques

Statistiques générales
  • Ce quiz a été pris 128 fois
  • Le résultat moyen est 6 sur 10
Statistiques - réponses
Question Réponse % Correct
Quel tubercule compose principalement le gratin dauphinois ? pomme de terre
97%
Quel pays est séparé de la Nouvelle-Zélande par la mer de Tasman ? Australie
89%
En mars 1846, un brevet d'invention du saxophone est déposé par Monsieur Adolphe... Sax
86%
Dans une série télévisée d'animation, quelle famille déjantée vit près d'une centrale nucléaire à Springfield ? Les Simpson
83%
A Paris, quel moyen de transport a été inauguré le 16 décembre 2006 ? tramway
76%
Sous quel nom est plus connu Michel de Nostre-Dame ? Nostradamus
54%
Quel acteur incarne Tarzan dans le film "Greystoke, la légende de Tarzan" ? Christophe Lambert
48%
Quel adjectif qualifie des objets identiques, de taille décroissante, qui s'emboîtent les uns dans les autres ? gigogne
40%
Quelle américaine connut un grand succès avec les chansons "Fais-moi danser" et "La Chapelle de Harlem" ? Jeane Manson
28%
Quel poisson à la chair délicate est appelé “chevalier” quand il vit dans les lacs de montagne ? omble
28%
Aucun quiz correspondant
Distribution des résultats
% des personnes avec chaque résultat
Percentile par nombre de réponses
Votre historique - résultats
Vous n’avez pas pris ce quiz